Statistiques concernant Drapeaux des pays enclavés

Cliquez ici pour prendre le quiz!

Statistiques générales

  • Ce quiz a été pris 88 fois
  • Le résultat moyen est 36 sur 44

Statistiques - réponses

Réponse% Correct
Suisse
99%
Luxembourg
96%
Macédoine du nord
96%
Népal
95%
Serbie
94%
Kazakhstan
93%
Kosovo
93%
Slovaquie
93%
Vatican
92%
Biélorussie
89%
République Tchèque
89%
Saint-Marin
89%
Arménie
88%
Autriche
88%
Hongrie
88%
Paraguay
86%
Afghanistan
84%
Andorre
84%
Azerbaidjan
84%
Bhoutan
84%
Laos
84%
Liechtenstein
84%
Ouganda
84%
Ethiopie
83%
Moldavie
83%
Ouzbékistan
83%
Eswatini
82%
Tchad
81%
Mongolie
80%
République centrafricaine
77%
Turkménistan
77%
Burkina Faso
76%
Kirghizistan
76%
Zambie
75%
Zimbabwe
75%
Lesotho
73%
Mali
73%
Botswana
72%
Burundi
71%
Malawi
69%
Tadjikistan
69%
Rwanda
66%
Soudan du sud
64%
Bolivie
58%

Distribution des résultats

Percentile par nombre de réponses

% des personnes avec chaque résultat

Votre développement - résultats

Vous n’avez pas pris ce quiz